00315nam a2200109Ia 4500008004100000082000800041100002000049245002000069942000600089952009500095999001500190240331s9999 xx 000 0 und d bPON aPonnudurai, A.T 0aKolankal ainthu cL 001040708LaWERCLbWERCLcSSCd2024-03-31l0o 792 PONp1858r2024-03-31w2024-03-31yL c3682d3682